000 00226nam a2200097Ia 4500
008 220204s9999 xx 000 0 und d
082 _a075
_bUSB
245 0 _aUsborne guide to painting
260 _aLondon
_bUsborne
942 _cBK
999 _c38423
_d38423